书目信息 |
| 题名: |
中国社会史
|
|
| 作者: | 谢和耐 ;耿升 译 | |
| 分册: | ||
| 出版信息: | 江苏人民出版社 |
|
| 页数: | 692 | |
| 开本: | 20cm | |
| 丛书名: | ||
| 单 册: | ||
| 中图分类: | C91-09 | |
| 科图分类: | ||
| 主题词: | 社会学 | |
| 电子资源: | ||
| ISBN: | 7-214-01441-6 | |
| 000 | 00543nam0 2200193 450 | |
| 001 | 0760515518 | |
| 005 | 20070817164835.51 | |
| 010 | @a7-214-01441-6@d¥25.00 | |
| 100 | @a20070817d km y0chiy0120 ea | |
| 101 | 0 | @achi |
| 200 | 1 | @a中国社会史@Azhong guo she hui shi@f(法)谢和耐@F(fa)xie he nai@g耿升译@Ggeng sheng yi |
| 210 | @c江苏人民出版社 | |
| 215 | @a692@d20cm | |
| 606 | 0 | @a社会学 |
| 690 | @aC91-09@v3 | |
| 701 | 0 | @a谢和耐@Axie he nai |
| 702 | 0 | @a耿升@Ageng sheng@4译 |
| 801 | 0 | @aCN@bPFT@c20070817 |
| 905 | @a213230@dC91-09@eg20@f1 | |
| 中国社会史/(法)谢和耐/耿升译.-江苏人民出版社 |
| 692;20cm |
| ISBN 7-214-01441-6:¥25.00 |
| ● |
| 相关链接 |
|
|
|
|
正题名:中国社会史
索取号:C91-09/g20
 
预约/预借
| 序号 | 登录号 | 条形码 | 馆藏地/架位号 | 状态 | 备注 |
| 1 | 6501058 | 265010588 | 密集书库-海洋学院/ [索取号:C91-09/g20] | 在馆 |